<?xml version="1.0" encoding="UTF-8"?><?xml-stylesheet type="text/xsl" href="static/style.xsl"?><OAI-PMH xmlns="http://www.openarchives.org/OAI/2.0/" xmlns:xsi="http://www.w3.org/2001/XMLSchema-instance" xsi:schemaLocation="http://www.openarchives.org/OAI/2.0/ http://www.openarchives.org/OAI/2.0/OAI-PMH.xsd"><responseDate>2026-04-17T11:36:17Z</responseDate><request verb="GetRecord" identifier="oai:www.recercat.cat:10230/72957" metadataPrefix="marc">https://recercat.cat/oai/request</request><GetRecord><record><header><identifier>oai:recercat.cat:10230/72957</identifier><datestamp>2026-04-03T00:02:35Z</datestamp><setSpec>com_2072_6</setSpec><setSpec>col_2072_452952</setSpec></header><metadata><record xmlns="http://www.loc.gov/MARC21/slim" xmlns:dcterms="http://purl.org/dc/terms/" xmlns:xsi="http://www.w3.org/2001/XMLSchema-instance" xmlns:doc="http://www.lyncode.com/xoai" xsi:schemaLocation="http://www.loc.gov/MARC21/slim http://www.loc.gov/standards/marcxml/schema/MARC21slim.xsd">
   <leader>00925njm 22002777a 4500</leader>
   <datafield ind2=" " ind1=" " tag="042">
      <subfield code="a">dc</subfield>
   </datafield>
   <datafield ind2=" " ind1=" " tag="720">
      <subfield code="a">Salvador Serna, Miquel</subfield>
      <subfield code="e">author</subfield>
   </datafield>
   <datafield ind2=" " ind1=" " tag="260">
      <subfield code="c">2026-04-02T10:18:46Z</subfield>
   </datafield>
   <datafield ind2=" " ind1=" " tag="260">
      <subfield code="c">2026-04-02T10:18:46Z</subfield>
   </datafield>
   <datafield ind2=" " ind1=" " tag="260">
      <subfield code="c">2026</subfield>
   </datafield>
   <datafield ind2=" " ind1=" " tag="260">
      <subfield code="c">2026-04-02T10:18:46Z</subfield>
   </datafield>
   <datafield ind2=" " ind1=" " tag="520">
      <subfield code="a">La evaluación del desempeño constituye un componente crítico para propiciar la imprescindible transformación de la gestión del empleo público que exige el contexto de turbulencia en el que operan las Administraciones públicas. Pero contrasta la profusión de propuestas para su formulación, tanto desde la academia como desde la práctica profesional, con unos desarrollos entre modestos y meramente formales. Para interpretar dicho contraste, el artículo plantea una reflexión adicional que parte del choque entre lo que implica y propone la evaluación del desempeño y las reglas del juego (o institución) vigentes en el ámbito de la gestión de recursos humanos en las Administraciones públicas. La aparición del nuevo entorno pone de manifiesto la incapacidad de dicha institución para afrontar los retos del nuevo escenario, al mismo tiempo que propicia la crisis de los mecanismos habituales de reproducción institucional. El surgimiento de un nuevo paradigma, la Gobernanza Robusta, ofrece una alternativa para un replanteamiento integral de la institución, y permite situar a la evaluación del desempeño como referente para apoyar la transformación. La relectura de la evaluación del desempeño a partir de las cuatro capacidades institucionales asociadas al paradigma de la Gobernanza Robusta (la estratégica, la analítica, la de gestión y la relacional), ofrecen un marco tanto para construir el propio sistema de evaluación integrado en el conjunto de dinámicas organizativas como para identificar sus aportes potenciales al cambio institucional que se plantea.</subfield>
   </datafield>
   <datafield ind1="8" ind2=" " tag="024">
      <subfield code="a">https://hdl.handle.net/10230/72957</subfield>
   </datafield>
   <datafield tag="653" ind2=" " ind1=" ">
      <subfield code="a">Cambio institucional</subfield>
   </datafield>
   <datafield tag="653" ind2=" " ind1=" ">
      <subfield code="a">Capacidades institucionales</subfield>
   </datafield>
   <datafield tag="653" ind2=" " ind1=" ">
      <subfield code="a">Evaluación del desempeño</subfield>
   </datafield>
   <datafield tag="653" ind2=" " ind1=" ">
      <subfield code="a">Gobernanza robusta</subfield>
   </datafield>
   <datafield ind2="0" ind1="0" tag="245">
      <subfield code="a">¿Evaluación del desempeño en las administraciones públicas? Una revisión desde el neoinstitucionalismo y unas propuestas desde la gobernanza robusta y las capacidades institucionales</subfield>
   </datafield>
</record></metadata></record></GetRecord></OAI-PMH>